Napisz jaka to linia Łódź - Statystyki

Ogólne statystyki
  • Ten quiz został rozwiązany 46 razy
    34 od ostatniego zresetowania
  • Średni wynik to 13 z 20
Statystyki odpowiedzi
Trasa Linia % Poprawnych
Retkinia- Stoki 12
93%
Rondo Powstańców 1863r- Widzew Augustów 3
90%
Chocianowice Ikea - Telefoniczna Zajezdnia 17
83%
Chojny Kurczaki - Stoki 15
80%
Teofilów - Plac Niepodległości 16
80%
Janów- Teofilów Wici 96
80%
Modrzew- Rondo Powstańców 1863r 66
77%
Stare Rokicie- Dworzec Łódź Fabryczna 77
77%
Plac Niepodległości- Pabianice Wiejska 41
73%
Dw. Łódź Fabryczna- Retkinia Kusocińskiego 86
73%
Cm. Szczecińska- Plac Słoneczny 89
73%
Retkinia- Piastów Kurak 68
67%
Arturówek- Dw. Łódź Fabryczna 85
67%
Marysin Tęczowa- CH Tulipan 60D
50%
Dw. Łódź Chojny-Legionów/Włokniarzy Z13
50%
Dw. Łódź Dąbrowa- Jędrzejów Przemysłowy Zachód F1
47%
ŁSSE Janika- Retkinia G2
47%
Stoki Skalna- Dw. Łódź Fabryczna przez Podgórze 58B
33%
Janów- Skoszewy 91C
33%
Teofilów Rojna- Instytut CZMP przez Trybunalską N3B
27%
Nie znaleziono quizów pasujących do podanych kryteriów
Rozkład punktacji
Procent ludzi z każdym wynikiem
Percentyl według liczby udzielonych odpowiedzi
Twoja historia wyników
Nie rozwiązałeś tego quizu od ostatniego zresetowania